| 000 | 00833nam a22002177a 4500 | ||
|---|---|---|---|
| 999 |
_c20134 _d20134 |
||
| 005 | 20180323111059.0 | ||
| 008 | 180323b ck ||||| |||| 00| 0 spa d | ||
| 020 | _a9789589839606 | ||
| 040 |
_aCO-BoIAVH _cCO-BoIAVH |
||
| 041 | _aspa | ||
| 044 | _ack | ||
| 090 |
_aFG- _b0275 |
||
| 245 | 0 | 0 |
_aLineamientos de manejo ecosistemico post-aprovechamiento minero en ambientes naturales del Chocó, Colombia: _bprotocolo |
| 260 |
_aQuibdó: _bIIAP: _bUniversidad Tecnológica del Chocó Diego Luis Córdoba, _c2016. |
||
| 300 |
_a32 páginas, _bfotografías a color |
||
| 700 | 0 |
_aKlinger Brahan, William _eeditor |
|
| 700 | 0 |
_aRamírez Moreno, Giovanny _eeditor |
|
| 700 | 0 |
_aValois-cuesta, Hamlet _eeditor |
|
| 856 | _uhttp://iiap.org.co/documents/6f833a81c4286cffabb90683bac93148.pdf | ||
| 942 |
_2z _cFolleto |
||